Music Quiz

Random Music or Letter Quiz

'A' Named Bands & Musicians Quiz Stats

Quiz Updated Apr 30, 2015

Challenge
Share
Tweet
Embed
Score 0/24 Timer 06:00
0 Plays Today
2 Hit Singles 'A' Band/Artist % Correct
Dancing Queen
Take a Chance on Me
ABBA
92.3%
Rolling in the Deep
Chasing Pavements
Adele
91.3%
Back in Black
You Shook Me All Night Long
AC/DC
87.4%
I Don't Wanna Miss a Thing
Dream On
Aerosmith
86.3%
Summer of '69
(Everything I Do) I Do it For You
Bryan Adams
84.3%
Take On Me
The Sun Always Shines on TV
a-ha
73.7%
Beautiful
Genie in a Bottle
Christina Aguilera
73.1%
Together Forever
Never Gonna Give You Up
Rick Astley
67.2%
What a Wonderful World
Hello, Dolly!
Louis Armstrong
65.7%
The House of the Rising Sun
We Gotta Get Out of This Place
The Animals
63.6%
A Horse With No Name
Ventura Highway
America
59.9%
The Sign
All That She Wants
Ace of Base
58.7%
2 Hit Singles 'A' Band/Artist % Correct
Straight Up
Forever Your Girl
Paula Abdul
52.3%
Making Love Out of Nothing At All
All Out of Love
Air Supply
41.8%
Heat of the Moment
Don't Cry
Asia
38.5%
Swing Swing
Gives You Hell
All-American Rejects
37.4%
Man in the Box
Down in a Hole
Alice in Chains
36.7%
Locked Up
Smack That (w/ Eminem)
Akon
36.7%
Midnight Rider
Melissa
Allman Brothers Band
34.5%
Criminal
Fast As You Can
Fiona Apple
29%
Are You That Somebody?
Try Again (w/Timbaland)
Aaliyah
23.6%
Like a Stone
Show Me How to Live
Audioslave
22.2%
I Need to Know
You Sang to Me
Marc Anthony
16.5%
Wake Up
Keep the Car Running
Arcade Fire
16%

You're not logged in!

Compare scores with friends on all Sporcle quizzes.
Sign Up with Email
OR
Log In

You Might Also Like...

Show Comments

Extras

Top Quizzes Today


Score Distribution

Your Account Isn't Verified!

In order to create a playlist on Sporcle, you need to verify the email address you used during registration. Go to your Sporcle Settings to finish the process.